000 00307nam a2200121Ia 4500
008 190216s9999||||xx |||||||||||||| ||und||
100 _aKay Yarborough Nelson
245 0 _aWord Perfect 5 Macro Hand Book
260 _bTech Pubs Pvt Ltd Singapore
_c1989
300 _a488 p
650 _aComputer
942 _cBK
999 _c8557
_d8557